Téma 3: Litera : [Petr Kubín, Karel Aubrecht] : Galerie České advokátní komory Dvojka

Hlavní autor: Kubín, Petr, 1954-
Korporativní autor: Galerie Dvojka (Praha, Česko)
Další autoři: Aubrecht, Karel, 1956-
Jazyk: Čeština
Vydáno: Praha : Sdružení Bienále Brno, 2010
Vydání: Vyd. 1.
Témata:
Fyzický popis: [10] s. : il. (převážně barev.) ; 15 cm
Knihy
Uloženo v:
LEADER 01909nam a2200505 a 4500
001 nkc20102156883
003 CZ PrNK
005 20110315170004.0
007 ta
008 101216s2010 xr a e c 000 0dcze
015 |a cnb002156883 
020 |a 978-80-86830-20-9  |q (brož.) 
040 |a BOA001  |b cze 
043 |a e-xr--- 
045 |a x9y0 
072 7 |a 76  |x Grafické umění. Grafika  |2 Konspekt  |9 21 
080 |a 76(437.3)  |2 MRF 
080 |a 7.036/.038  |2 MRF 
080 |a (437.3)  |2 MRF 
080 |a (083.824)  |2 MRF 
100 1 |a Kubín, Petr,  |d 1954-  |7 pag2007388165  |4 art 
245 1 0 |a Téma 3: Litera :  |b [Petr Kubín, Karel Aubrecht] : Galerie České advokátní komory Dvojka 
246 1 |i Název v tiráži:  |a Galerie Dvojka-3 Téma: Litera 
246 3 0 |a Téma: Litera 
246 3 0 |a Litera 
250 |a Vyd. 1. 
260 |a Praha :  |b Sdružení Bienále Brno,  |c 2010 
300 |a [10] s. :  |b il. (převážně barev.) ;  |c 15 cm 
500 |a Vydáno k výstavě konané ve výkladcích Paláce Dunaj, Praha, 6.1.-8.3.2011 
500 |a Název z obálky 
500 |a 56 čísl. a podepsaných výt. 
600 1 7 |a Kubín, Petr,  |d 1954-  |7 pag2007388165  |2 czenas 
600 1 7 |a Aubrecht, Karel,  |d 1956-  |7 jo20010084297  |2 czenas 
648 7 |a 20.-21. století  |7 ch462155  |2 czenas 
650 0 7 |a česká grafika  |7 ph128116  |y 20.-21. stol.  |2 czenas 
650 0 7 |a moderní umění  |7 ph115340  |z Česko  |2 czenas 
655 7 |a katalogy výstav  |7 fd132536  |2 czenas 
700 1 |a Aubrecht, Karel,  |d 1956-  |7 jo20010084297  |4 art 
710 2 |a Galerie Dvojka (Praha, Česko)  |7 kn20100305007 
910 2 |a BOA001  |b S-1261.546 
990 |a BK 
995 |a 60 
991 |b 201103  |c NOV  |e n 
996 6 |b 2610468776  |c S-1261.546  |l MZK  |r Sklad / do 24 hodin  |n 0  |p p.v.  |w 001170142  |u 000010  |a 1  |e BOA001  |j MZK50  |s P 
996 6 |b 2610468777  |c S-1261.546  |l MZK  |r Sklad / do 24 hodin  |n 0  |p p.v.  |w 001170142  |u 000020  |a 1  |e BOA001  |j MZK50  |s P